LEADER 03542nam2 22005653i 450 001 CAGE005191 005 20170908093312.0 012 $aI.n- usu- ,&te ceSp (3) 1667 (R)$2fei$9Pt. 2. 012 $aosia n*n- m,a- Deha (3) 1667 (R)$2fei$9Pt. 1.; ast. sost. dittongo ae 100 $a20050527d1667 ||||0itac50 ba 101 | $alat 102 $anl 181 1$6z01$ai $bxxxe 182 1$6z01$an 200 1 $a˜[2]: Joannis Calvini ... œHomiliæ in 1. librum Samuelis, uti et Conciones in librum Jobi ... cum indice locupletissimo 205 $aEditio ut posterior ita prioribus multo emendatior 210 $aAmstelodami$capud Joannem Jacobi Schipper$d1667$eAmstelodami$gex typographia Borritii Jansonii Smit$h1667 215 $a2 parti ([4], 481, [7]$d[4], 639, [17] p. : ill 300 $aAltro colophon in fine alla parte 1 300 $aMarca xilografica non controllata di Jan Jacobsz Schipper (Veliero: Sunt mixta serenis tristia) sul frontespizio della parte 2 300 $aSegnatura: [ast]² A-2R⁶ 2S⁴; [ast]² A-3G⁶ 3H-I⁴ 3K² 300 $aNella parte 1 carta 2B2 segnata B2, carta 2C3 segnata 2B3 300 $aErrori di paginazione alle carte 2O1v-2P1r della pt.1 e alle c. Q1r-v e S3 della parte 2 300 $aNumeri romani nel titolo della parte 1 300 $aRitratto calcografico dell'A. sul front. della parte 1 300 $aTitolo della parte 2.: Joannis Calvini ... Conciones in Librum Jobi. ... Cum praefatione Theodori Bezae. 314 $aAutore della pref. della pt. 2.$9CFIV081517 316 $av. 2. - Timbro RB sul front.$5IT-NA0079, SALA FARN.10. G 0002 423 0$12001 $a˜Joannis Calvini ... œConciones in librum Jobi.$1700 1$aKahl$b, Johann$f <1550-1614>$3RAVV079694$4070 461 1$1001CAGE005143$12001 $a˜Ioannis Calvini Noviodunensis œOpera omnia; in novem tomos digesta$v2 620 $aNL$dAmsterdam$3BVEL000108 700 1$aCalvin$b, Jean$3CFIV057914$4070$0154241 702 1$aBèze$b, Théodore : de$3CFIV081517 712 02$aSmit, Borrit Jansz $3CAGV240068$4650 712 02$aSchipper, Jan Jacobsz$3CAGV240143$4650 790 1$aCalvino$b, Giovanni$3CFIV057916$zCalvin, Jean 790 1$aNesekius$b, Nathanael$3MILV333634$zBèze, Théodore : de 790 1$aPassavantius$b, Benedictus$3RMLV038846$zBèze, Théodore : de 790 1$aBeza$b, Theodorus$3TO0V330736$zBèze, Théodore : de 791 02$aSchipper, Jean$3PARV333048$zSchipper, Jan Jacobsz 801 3$aIT$bIT-NA0079$c20050527 850 $aIT-NA0079 899 1$aBiblioteca Nazionale Vittorio Emanuele III$bNA0079$eS$uhttp://books.google.com/books?vid=IBNN:BNANT001741783 912 $aCAGE005191 921 $aSBNM000001$bMarca non controllata$cS2$dSul front. della pt. 2 950 2$aBiblioteca Nazionale Vittorio Emanuele III$bv. 1.-9.$cv. 2. - Timbro RB sul front.$d BNSALA FARN.10. G 0002$e BNANT0017417835 B v. 2. - Timbro RB sul front.$fC $h20050527$i20050527 956 $aBiblioteca Nazionale Vittorio Emanuele III$b1$c$d$eBNANT001741783$uhttp://books.google.com/books?vid=IBNN:BNANT001741783$z BNSALA FARN.10. G 0002 977 $a BN 996 $aHomiliæ in 1. librum Samuelis, uti et Conciones in librum Jobi ... cum indice locupletissimo$91485240 997 $aUNISANNIO LEADER 01615nam0 22003253i 450 001 AQ10003130 005 20251003044040.0 010 $a038756764X$bNew York 010 $a354056764X$bBerlin 100 $a20090729d1993 ||||0itac50 ba 101 | $aeng 102 $ade 181 1$6z01$ai $bxxxe 182 1$6z01$an 200 1 $aCombinatorial pattern matching$e4. annual symposium, CPM 93$ePadova, Italy, June 2-4, 1993$eproceedings$fA. Apostolico, M. Crochemore, Z. Galil, U. Manber (eds.) 210 $aBerlin [etc.]$cSpringer-Verlag$dc1993 215 $aVIII, 265 p.$d24 cm. 225 | $aLecture notes in computer science$fedited by G. Goos and J. Hartmanis$v684 410 0$1001MIL0030703$12001 $aLecture notes in computer science$fedited by G. Goos and J. Hartmanis$v684$1702 1$aGoos$b, Gerhard$3AQ1V006441$4340 676 $a006.4015116$9Riconoscimento delle forme con l'elaboratore. Analisi combinatoria$v22 702 1$aApostolico$b, Alberto$3AQ1V007241 710 12$aAnnual symposium on combinatorial pattern matching$d <4.$f ; 1993$e ; Padova>$3AQ1V001645$4070$0714570 791 12$aAnnual Symposium CPM 93$d <4.$f ; 1993$e ; Padova>$3PUVV177912$zAnnual symposium on combinatorial pattern matching <4. ; 1993 ; Padova> 801 3$aIT$bIT-000000$c20090729 850 $aIT-BN0095 912 $aAQ10003130 950 0$aBiblioteca Centralizzata di Ateneo$c193 v.$d 01COLL. ING. LNCS$e 0102 0000012645 VMA (0684 v. 684$fY $h19940707$i19940707 977 $a 01 996 $aCombinatorial pattern matching$91381897 997 $aUNISANNIO